000 00527nam a22001817a 4500
005 20240613120601.0
008 240613b |||||||| |||| 00| 0 eng d
020 _a0-7494-3091-5
082 _a302.2
_bJAQ-L
100 _aJaques, David
245 _aLearning in Groups/
_bA hand book for improving group work/
_cDavid Jaques
250 _a3rd ed.
260 _aUSA;
_bRoutledge Falmer;
_c2000.
300 _aix, 310 p.:
_bill;
_c29.5 cm.
500 _aInclude index & References
650 _aSocial Science
999 _c35918
_d35918